[Event "RUS-ch Rapid (Women)"]
[Site "Sochi"]
[Date "2023.10.15"]
[Round "2"]
[White "Merkulova, Viktoria"]
[Black "Zhurova, Anna"]
[Result "1-0"]
[WhiteElo "1815"]
[BlackElo "2288"]
[PlyCount "107"]
[EventDate "2023.10.15"]
[EventType "swiss (rapid)"]
[EventRounds "11"]
[EventCountry "RUS"]
[SourceTitle "Mega2024 Update 01"]
[Source "Chessbase"]
[SourceDate "2023.11.12"]
[SourceVersion "1"]
[SourceVersionDate "2023.11.12"]
[SourceQuality "1"]

1. e4 e6 2. d4 d5 3. Nd2 Be7 4. Ngf3 c5 5. exd5 Qxd5 6. Bc4 Qd7 7. 0-0 cxd4 8. Nb3 a6 9. a4 Nf6 10. Bf4 Nc6 11. Nbxd4 Nxd4 12. Nxd4 0-0 13. Be5 b6 14. Qe2 Bb7 15. b3 Nd5 16. Rad1 g6 17. Rd3 Rae8 18. Qd2 Qc8 19. Rd1 Rd8 20. Qh6 f6 21. Bg3 Kh8 22. Qh3 Nb4 23. Bxe6 Qc5 24. R3d2 Nc6 25. Nxc6 Rxd2 26. Rxd2 Bxc6 27. Bf4 Qb4 28. Be3 Bc5 29. Rd1 Qe4 30. Bxc5 Qxc2 31. Qd3 Qxc5 32. Qd6 Be4 33. b4 Qxd6 34. Rxd6 Rb8 35. f3 Bc2 36. a5 bxa5 37. bxa5 Rb1+ 38. Kf2 Rb2 39. Kg3 h5 40. h4 Kg7 41. Rxa6 Bd3 42. Rb6 Rc2 43. a6 Bf1 44. Bh3 Ra2 45. Rb7+ Kh6 46. a7 g5 47. Rb6 Kg6 48. hxg5 Kxg5 49. f4+ Kg6 50. Rb7 Be2 51. Be6 Ra3+ 52. Kf2 Bg4 53. Bd5 Kf5 54. Rc7 1-0

[Event "RUS-ch Blitz (Women)"]
[Site "Sochi"]
[Date "2023.10.14"]
[Round "3"]
[White "Borisova, Ekaterina"]
[Black "Merkulova, Viktoria"]
[Result "1/2-1/2"]
[WhiteElo "2168"]
[BlackElo "1815"]
[PlyCount "178"]
[EventDate "2023.10.14"]
[EventType "swiss (blitz)"]
[EventRounds "13"]
[EventCountry "RUS"]
[SourceTitle "Mega2024 Update 01"]
[Source "Chessbase"]
[SourceDate "2023.11.12"]
[SourceVersion "1"]
[SourceVersionDate "2023.11.12"]
[SourceQuality "1"]

1. Nf3 c5 2. c4 Nc6 3. g3 e5 4. d3 g6 5. Bg2 Bg7 6. 0-0 Nge7 7. Nc3 0-0 8. Ne1 Rb8 9. Nc2 a6 10. a4 b6 11. Ne3 d6 12. Ned5 Nxd5 13. Nxd5 Be6 14. Bd2 Bxd5 15. Bxd5 Ne7 16. Bg2 d5 17. cxd5 Nxd5 18. Rc1 Qd7 19. b3 Rbd8 20. Qc2 a5 21. Qc4 Nc7 22. Bg5 Rc8 23. Rfd1 Qd4 24. Qc2 Ne6 25. Be3 Qd6 26. Bh3 f5 27. Qc4 Kh8 28. Bg2 f4 29. Bd2 Nd4 30. Re1 Rce8 31. Bc3 Nf5 32. Qd5 Qxd5 33. Bxd5 Rd8 34. Bc4 Nd4 35. Kf1 f3 36. exf3 Nxf3 37. Re4 Nxh2+ 38. Kg2 Nf3 39. Rh1 Rd7 40. Bb5 Rd6 41. Bc4 Rdf6 42. Re2 Nd4 43. Bxd4 exd4 44. f4 h5 45. Rhe1 Kh7 46. Re4 Kh6 47. Bd5 g5 48. fxg5+ Kxg5 49. Re5+ Kh6 50. R1e2 Rf5 51. Re6+ R8f6 52. Bc4 Rg6 53. Rxg6+ Kxg6 54. Re7 Re5 55. Rb7 Re2+ 56. Kf1 Re5 57. Rxb6+ Kg5 58. Rb8 Rf5+ 59. Kg2 Be5 60. Rg8+ Kf6 61. Bd5 Rg5 62. Rxg5 Kxg5 63. Kf3 Kf5 64. Bf7 Kg5 65. Be8 Bc7 66. Bf7 Bd6 67. Be6 Kf6 68. Bd7 Kg5 69. Kg2 Be5 70. Kh3 Bd6 71. Be6 Be5 72. Kg2 Kf6 73. Bc8 Bc7 74. Kf3 Ke5 75. Bd7 Kf6 76. Bh3 Ke5 77. Bf1 Kf5 78. Bh3+ Ke5 79. Bd7 Kf6 80. Bh3 Bd6 81. g4 hxg4+ 82. Kxg4 Ke5 83. Kg5 Be7+ 84. Kg6 Bh4 85. Kf7 Be1 86. Ke7 Bb4 87. Kd7 Kf4 88. Be6 Ke3 89. Bc4 Kd2 1/2-1/2

[Event "EU-ch Schools U11 Girls"]
[Site "Tornelo INT"]
[Date "2021.12.05"]
[Round "6"]
[White "Merkulova, Viktoria"]
[Black "Mgeladze, Kesaria"]
[Result "1/2-1/2"]
[WhiteElo "1668"]
[BlackElo "1625"]
[PlyCount "87"]
[EventDate "2021.12.03"]
[EventType "swiss (rapid)"]
[EventRounds "7"]
[EventCountry "NET"]
[SourceTitle "EXT 2023"]
[Source "ChessBase"]
[SourceDate "2022.10.05"]
[SourceVersion "1"]
[SourceVersionDate "2022.10.05"]
[SourceQuality "1"]

1. d4 Nf6 2. Nc3 d5 3. Bg5 e6 4. e4 dxe4 5. Bxf6 gxf6 6. Nxe4 f5 7. Nc3 Bg7 8. Nf3 c5 9. Bb5+ Nc6 10. Bxc6+ bxc6 11. dxc5 Qa5 12. 0-0 Qxc5 13. Na4 Qe7 14. Qd3 0-0 15. Qc4 Rb8 16. c3 Rd8 17. Rad1 e5 18. Qc5 Qxc5 19. Nxc5 Be6 20. Nxe6 fxe6 21. Ng5 Bh6 22. Rxd8+ Rxd8 23. Nxe6 Rd2 24. Rb1 Rd5 25. c4 Rd2 26. Nc5 Rc2 27. Nd3 e4 28. Ne5 c5 29. b3 Rxa2 30. Nd7 Bf8 31. Nxf8 Kxf8 32. Kf1 Ke7 33. b4 Kd6 34. Rd1+ Kc6 35. b5+ Kc7 36. Rd5 f4 37. Rxc5+ Kb6 38. Rc6+ Kb7 39. Rf6 Ra1+ 40. Ke2 Ra2+ 41. Ke1 Ra1+ 42. Ke2 Ra2+ 43. Ke1 Ra1+ 44. Ke2 1/2-1/2

[Event "EU-ch Schools U11 Girls"]
[Site "Tornelo INT"]
[Date "2021.12.05"]
[Round "7"]
[White "Merkulova, Viktoria"]
[Black "Mgeladze, Kesaria"]
[Result "1-0"]
[WhiteElo "1668"]
[BlackElo "1625"]
[PlyCount "59"]
[EventDate "2021.12.03"]
[EventType "swiss (rapid)"]
[EventRounds "7"]
[EventCountry "NET"]
[SourceTitle "EXT 2023"]
[Source "ChessBase"]
[SourceDate "2022.10.05"]
[SourceVersion "1"]
[SourceVersionDate "2022.10.05"]
[SourceQuality "1"]

1. d4 g6 2. e4 Bg7 3. h4 c5 4. Be3 Nc6 5. c3 cxd4 6. cxd4 Qb6 7. Qd2 Bxd4 8. Bxd4 Qxd4 9. Nc3 Qxd2+ 10. Kxd2 d6 11. Nd5 Kd8 12. Nf3 e6 13. Ne3 Nf6 14. Bd3 b6 15. g4 Nb4 16. g5 Nxd3 17. gxf6 Nxf2 18. Ng5 Nxh1 19. Nxf7+ Ke8 20. Nxh8 Nf2 21. Nc4 Nxe4+ 22. Ke3 Kf8 23. Kxe4 d5+ 24. Ke5 dxc4 25. Rd1 Ba6 26. Rd7 Kg8 27. Nf7 Bb5 28. Nh6+ Kh8 29. Rg7 Rf8 30. Rg8+ 1-0

[Event "EU-ch Schools U11 Girls"]
[Site "Tornelo INT"]
[Date "2021.12.03"]
[Round "2"]
[White "Caku, Kler"]
[Black "Merkulova, Viktoria"]
[Result "1/2-1/2"]
[WhiteElo "1304"]
[BlackElo "1668"]
[PlyCount "63"]
[EventDate "2021.12.03"]
[EventType "swiss (rapid)"]
[EventRounds "7"]
[EventCountry "NET"]
[SourceTitle "EXT 2023"]
[Source "ChessBase"]
[SourceDate "2022.10.05"]
[SourceVersion "1"]
[SourceVersionDate "2022.10.05"]
[SourceQuality "1"]

1. e4 c5 2. Nf3 Nc6 3. d4 cxd4 4. Nxd4 e5 5. Nb5 a6 6. Nd6+ Bxd6 7. Qxd6 Qe7 8. Qxe7+ Ngxe7 9. Na3 d5 10. exd5 Nxd5 11. Nc4 0-0 12. Bd2 b5 13. Nd6 Ndb4 14. 0-0-0 Rd8 15. Bxb4 Nxb4 16. a3 Nc6 17. Nxc8 Rxd1+ 18. Kxd1 Rxc8 19. Bd3 Rd8 20. Re1 f5 21. f3 Kf7 22. Kd2 Kf6 23. Kc3 Rd4 24. g3 Ne7 25. b3 Nd5+ 26. Kb2 Nb6 27. h3 h5 28. h4 Nd7 29. Kc3 Nb6 30. Kb2 Nd7 31. Kc3 Nb6 32. Kb2 1/2-1/2

[Event "EU-ch Schools U11 Girls"]
[Site "Tornelo INT"]
[Date "2021.12.03"]
[Round "2"]
[White "Mutlu, Julide Aysu"]
[Black "Merkulova, Viktoria"]
[Result "0-1"]
[WhiteElo "1093"]
[BlackElo "1668"]
[PlyCount "122"]
[EventDate "2021.12.03"]
[EventType "swiss (rapid)"]
[EventRounds "7"]
[EventCountry "NET"]
[SourceTitle "EXT 2023"]
[Source "ChessBase"]
[SourceDate "2022.10.05"]
[SourceVersion "1"]
[SourceVersionDate "2022.10.05"]
[SourceQuality "1"]

1. Nf3 c5 2. b3 Nc6 3. Bb2 Nf6 4. e3 g6 5. d4 cxd4 6. exd4 d5 7. Bb5 Bg7 8. 0-0 0-0 9. Bxc6 bxc6 10. Nbd2 Qc7 11. Re1 Bg4 12. h3 Bf5 13. c4 Rfd8 14. Rc1 Qd6 15. Ne5 Ne4 16. Nxe4 Bxe4 17. cxd5 Bxd5 18. Nc4 Qf4 19. Ne5 Qg5 20. Nf3 Qf6 21. Rc3 Qd6 22. Rd3 e6 23. Ne5 a5 24. Nc4 Bxc4 25. bxc4 Qb4 26. Qc1 Bh6 27. Qxh6 Qxe1+ 28. Kh2 Qxf2 29. Rd2 Qf6 30. d5 e5 31. Kg1 cxd5 32. cxd5 Qf4 33. Qxf4 exf4 34. d6 Ra6 35. Be5 g5 36. Rc2 f6 37. Bxf6 Rdxd6 38. Bxg5 f3 39. gxf3 Rg6 40. Rg2 h6 41. Be3 Rxg2+ 42. Kxg2 Rc6 43. Kg3 Kg7 44. Bd4+ Kg6 45. Kg4 Rc4 46. h4 Rxd4+ 47. Kg3 Kf5 48. h5 Kg5 49. f4+ Rxf4 50. Kh3 Kxh5 51. Kg3 Ra4 52. Kf3 Rxa2 53. Ke3 Rb2 54. Kd3 a4 55. Kc3 a3 56. Kd3 a2 57. Kc3 a1Q 58. Kd3 Qa4 59. Kc3 Rb3+ 60. Kc2 Qa2+ 61. Kd1 Rb1# 0-1

[Event "EU-ch Hybrid U12 Girls"]
[Site "Tornelo INT"]
[Date "2021.10.15"]
[Round "2"]
[White "Merkulova, Viktoria"]
[Black "Efimova, Darya"]
[Result "1/2-1/2"]
[WhiteElo "1756"]
[BlackElo "1450"]
[PlyCount "114"]
[EventDate "2021.10.15"]
[EventType "swiss"]
[EventRounds "9"]
[EventCountry "NET"]
[SourceTitle "EXT 2023"]
[Source "ChessBase"]
[SourceDate "2022.10.05"]
[SourceVersion "1"]
[SourceVersionDate "2022.10.05"]
[SourceQuality "1"]
[WhiteTeam "Russia"]
[BlackTeam "Russia"]
[WhiteTeamCountry "RUS"]
[BlackTeamCountry "RUS"]

1. e4 c5 2. Nf3 d6 3. c3 Nf6 4. h3 Nc6 5. Bd3 g6 6. Bc2 e5 7. d4 cxd4 8. cxd4 exd4 9. Nxd4 Bg7 10. 0-0 0-0 11. Be3 Re8 12. Nc3 d5 13. Nxc6 bxc6 14. exd5 Nxd5 15. Nxd5 Qxd5 16. Ba4 Qe4 17. Re1 Bb7 18. Qb3 Qe7 19. Bd2 Qc7 20. Bc3 Qb6 21. Bxg7 Qxb3 22. Bxb3 Kxg7 23. Rad1 Rxe1+ 24. Rxe1 Kf6 25. Rd1 Re8 26. Rd6+ Ke7 27. Rd4 c5 28. Ra4 Ra8 29. Ra5 Kd6 30. Bxf7 a6 31. Ra3 Be4 32. Bc4 a5 33. Re3 Bf5 34. g4 Bd7 35. Rd3+ Ke7 36. Re3+ Kd6 37. Rf3 Re8 38. Rd3+ Kc6 39. Bb5+ Kxb5 40. Rxd7 Re1+ 41. Kg2 Ra1 42. a3 Ra2 43. Rxh7 Kc6 44. Rh6 Rxb2 45. Rxg6+ Kd5 46. h4 c4 47. h5 c3 48. Rg8 Rb6 49. Rc8 Rc6 50. Rxc6 Kxc6 51. h6 c2 52. h7 c1Q 53. h8Q Qxa3 54. Qf6+ Qd6 55. Qc3+ Qc5 56. Qf6+ Qd6 57. Qc3+ Qc5 1/2-1/2

[Event "Wch FIDE Online U10 Girls Europe qual"]
[Site "Tornelo INT"]
[Date "2020.12.08"]
[Round "3"]
[White "Merkulova, Viktoria"]
[Black "Preobrazhenskaya, Diana"]
[Result "0-1"]
[WhiteElo "1532"]
[BlackElo "1498"]
[PlyCount "132"]
[EventDate "2020.12.07"]
[EventType "swiss (rapid)"]
[EventRounds "7"]
[EventCountry "ISS"]
[SourceTitle "EXT 2022"]
[Source "ChessBase"]
[SourceDate "2021.10.06"]
[SourceVersion "1"]
[SourceVersionDate "2021.10.06"]
[SourceQuality "1"]

1. e4 c5 2. c3 d6 3. d4 Nf6 4. Bd3 g6 5. h3 Bg7 6. Nf3 0-0 7. 0-0 cxd4 8. cxd4 Nbd7 9. e5 Nd5 10. Be4 N5b6 11. Bf4 dxe5 12. dxe5 Nc5 13. Bc2 Nd5 14. Bd2 Be6 15. Nc3 Nb4 16. Bb3 Nxb3 17. axb3 Nd3 18. Be3 Nxe5 19. Nd4 Bd7 20. Ne4 Nc6 21. Nc5 Bc8 22. Nxc6 bxc6 23. Qf3 Qc7 24. Bf4 e5 25. Be3 Bf5 26. Rfc1 Rac8 27. Ra2 a5 28. Raa1 Ra8 29. Na4 Qd7 30. Qxc6 Qd3 31. Rc3 Qe2 32. Rc2 Qxc2 33. Qxc2 Bxc2 34. Nc5 Rfc8 35. Nd7 Bf5 36. Nb6 Rcb8 37. Nxa8 Rxa8 38. Ra4 h6 39. Kf1 Bc2 40. Ra3 Bf8 41. Ra1 Bxb3 42. Bd2 a4 43. Bc3 Bg7 44. Ke2 Rd8 45. Rc1 Bc4+ 46. Ke1 Bb3 47. Ke2 Kh7 48. f3 Bf6 49. g3 Bg5 50. Ra1 Bf6 51. Rb1 Rd5 52. Rc1 Be7 53. Ra1 Bc4+ 54. Ke1 Bb5 55. Rc1 Rd3 56. f4 exf4 57. gxf4 Bh4+ 58. Kf1 Rxc3+ 59. Kg2 Rxc1 60. Kh2 Rc2+ 61. Kh1 Bc6+ 62. Kg1 Rxb2 63. Kf1 a3 64. f5 a2 65. fxg6+ Kg7 66. Kg1 a1Q# 0-1

[Event "Moscow-ch final (Women)"]
[Site "Moscow"]
[Date "2020.09.14"]
[Round "2"]
[White "Merkulova, Viktoria"]
[Black "Miroshnik, Ekaterina"]
[Result "1/2-1/2"]
[WhiteElo "1436"]
[BlackElo "2139"]
[PlyCount "267"]
[EventDate "2020.09.13"]
[EventType "tourn"]
[EventRounds "7"]
[EventCountry "RUS"]
[SourceTitle "CBM 198 Extra"]
[Source "ChessBase"]
[SourceDate "2020.11.30"]
[SourceVersion "1"]
[SourceVersionDate "2020.11.30"]
[SourceQuality "1"]

1. e4 d6 2. d4 Nf6 3. Nc3 e5 4. Nf3 Nbd7 5. Bc4 Be7 6. 0-0 0-0 7. h3 c6 8. d5 Nc5 9. dxc6 bxc6 10. Re1 Be6 11. Bb3 Nxb3 12. axb3 Nd7 13. Be3 a5 14. Qd2 h6 15. Nh2 f5 16. f4 fxe4 17. Nxe4 d5 18. Ng3 Bh4 19. Nhf1 e4 20. Bf2 Qf6 21. f5 Bxf5 22. Nxf5 Bxf2+ 23. Qxf2 Qxf5 24. Qxf5 Rxf5 25. Ne3 Rff8 26. Rf1 Rfe8 27. Nf5 Nb6 28. c4 dxc4 29. Nd6 Red8 30. Nxc4 Nxc4 31. bxc4 Rd2 32. Rf2 Rd4 33. Ra4 e3 34. Re2 Re8 35. Ra3 Rxc4 36. Raxe3 Rxe3 37. Rxe3 Rc2 38. b3 Kf7 39. Kf1 Kf6 40. Kg1 Rc5 41. Kf2 Rb5 42. Rc3 c5 43. Ke3 Ke5 44. Kd3 Kd5 45. Ke3 Rb7 46. Rd3+ Kc6 47. Rc3 Kb5 48. Rc4 Re7+ 49. Kd3 Rd7+ 50. Ke3 Rd4 51. Rc2 Kb4 52. Rc1 Rd5 53. Ra1 Rg5 54. g4 Re5+ 55. Kd2 Kb5 56. Ra4 Rd5+ 57. Kc3 Rd4 58. Ra2 Rf4 59. Rh2 Rf3+ 60. Kc2 Kb4 61. Re2 Rc3+ 62. Kd2 Kxb3 63. Re7 Rxh3 64. Rxg7 Rh2+ 65. Kd1 c4 66. Rb7+ Kc3 67. Ra7 Rd2+ 68. Ke1 Rd5 69. Ra6 h5 70. gxh5 Rxh5 71. Kd1 Rd5+ 72. Kc1 Rg5 73. Kd1 Kb4 74. Rb6+ Rb5 75. Rc6 a4 76. Kc2 Rb7 77. Rc8 Rb6 78. Rc7 Ra6 79. Rb7+ Kc5 80. Rc7+ Rc6 81. Ra7 Kb4 82. Rb7+ Ka3 83. Kc3 Rh6 84. Kxc4 Rc6+ 85. Kd3 Ka2 86. Kd2 a3 87. Rb8 Ka1 88. Rb7 Rh6 89. Rb3 Rh2+ 90. Kc1 Ka2 91. Rb8 Rb2 92. Ra8 Rb4 93. Kc2 Rc4+ 94. Kd3 Rc1 95. Kd2 Rc7 96. Rb8 Rg7 97. Kc2 Rg1 98. Rb7 Rg2+ 99. Kc1 Rg4 100. Kc2 Rc4+ 101. Kd3 Rc8 102. Kd2 Ka1 103. Rb3 Ka2 104. Rb7 Rf8 105. Kc2 Rf2+ 106. Kc1 Rb2 107. Ra7 Rb4 108. Kc2 Rg4 109. Rb7 Rg2+ 110. Kc1 Rg1+ 111. Kc2 Ka1 112. Rb3 Rg2+ 113. Kc1 Ka2 114. Rb7 Re2 115. Rb8 Re4 116. Kc2 Rh4 117. Rb7 Rh2+ 118. Kc1 Rb2 119. Ra7 Rb8 120. Kc2 Rc8+ 121. Kd2 Kb2 122. Rb7+ Ka1 123. Rb3 a2 124. Rb7 Rh8 125. Kc2 Rh1 126. Rb8 Rh2+ 127. Kc1 Rh4 128. Kc2 Rc4+ 129. Kd2 Rc6 130. Rb7 Rg6 131. Kc2 Rg1 132. Rb8 Rb1 133. Ra8 Rb2+ 134. Kc1 1/2-1/2